000 00700nam a2200241Ia 4500
003 OSt
005 20220923214752.0
006 a|||||r|||| 00| 0
007 ta
008 220922b |||||||| |||| 00| 0 hin d
024 _a172,562
037 _cTextual
040 _aARTS
_cARTS
_bhin
041 _2hin
_ahin
082 _aO152,3N394,AK, L2
100 _aइब्राहीम शरीफ
245 0 _aअंधेरे के साथ
246 _aAandhere ke sātha
260 _c1972
650 _aहिन्दी साहित्य
_9156264
942 _hO152,3N394,AK, L2
_cTEXL
_2CC
999 _c326570
_d326570